Jacksonville Jaguars: Top 10 All-Time Leaders - Statistics

General Stats
  • This quiz has been taken 50 times
  • The average score is 25 of 61
Answer Stats
Category # Player Amount % Correct
Passing Yards 4 Trevor Lawrence 14,264
100%
Passing Yards 2 Blake Bortles 17,646
88%
Rushing Yards 9 Blake Bortles 1,775
88%
Rushing Yards 4 Travis Etienne 2,905
80%
Rushing Yards 1 Fred Taylor 11,271
78%
Receiving Yards 8 Fred Taylor 2,361
78%
Rushing Yards 2 Maurice Jones-Drew 8,071
78%
Receiving Yards 4 Maurice Jones-Drew 2,873
78%
Receiving Yards 1 Jimmy Smith 12,287
75%
Tackles 5 Telvin Smith 446
75%
Interceptions T6 Telvin Smith 9
75%
Tackles 2 Daryl Smith 540
73%
Passing Yards 1 Mark Brunell 25,698
73%
Rushing Yards 6 Mark Brunell 2,219
73%
Interceptions T6 Jalen Ramsey 9
70%
Sacks 2 Josh Hines-Allen 53.0
70%
Passing Yards 9 Mac Jones 1,672
70%
Passing Yards 3 David Garrard 16,003
68%
Rushing Yards 10 David Garrard 1,746
68%
Passing Yards 7 Gardner Minshew 5,530
58%
Rushing Yards 5 Leonard Fournette 2,631
58%
Sacks 9 Travon Walker 25.0
55%
Receiving Yards 5 Allen Robinson 2,848
53%
Rushing Yards 7 James Robinson 2,177
53%
Sacks 5 Calais Campbell 31.5
50%
Tackles 9 Myles Jack 335
50%
Passing Yards 5 Byron Leftwich 9,042
48%
Passing Yards 8 Blaine Gabbert 4,357
38%
Passing Yards 6 Chad Henne 5,817
38%
Receiving Yards 3 Marcedes Lewis 4,502
38%
Tackles 10 John Henderson 333
35%
Sacks 6 John Henderson 29.0
35%
Receiving Yards 2 Keenan McCardell 6,393
33%
Receiving Yards 10 Reggie Williams 2,322
30%
Receiving Yards 6 Allen Hurns 2,669
28%
Tackles 4 Rashean Mathis 461
28%
Interceptions 1 Rashean Mathis 30
28%
Interceptions T8 A.J. Bouye 8
25%
Rushing Yards 8 T.J. Yeldon 1,872
23%
Sacks 3 Yannick Ngakoue 37.5
23%
Receiving Yards 7 Kyle Brady 2,500
20%
Tackles 1 Paul Posluszny 587
20%
Interceptions 5 Paul Posluszny 11
20%
Sacks 10 Dawuane Smoot 24.5
18%
Interceptions T8 Andre Cisco 8
13%
Tackles 3 Donovin Darius 479
13%
Interceptions 3 Donovin Darius 14
13%
Sacks 1 Tony Brackens 55.0
13%
Rushing Yards 3 James Stewart 2,951
10%
Tackles 6 Mike Peterson 413
10%
Interceptions T8 Mike Peterson 8
10%
Passing Yards 10 Quinn Gray 1,252
10%
Receiving Yards 9 Cecil Shorts 2,343
8%
Tackles 7 Kevin Hardy 402
8%
Sacks T7 Kevin Hardy 28.5
8%
Interceptions 2 Aaron Beasley 15
5%
Interceptions 4 Derek Cox 12
5%
Tackles 8 Jonathan Cyprien 340
5%
Sacks T7 Paul Spicer 28.5
5%
Interceptions T8 Chris Hudson 8
3%
Sacks 4 Joel Smeenge 34.0
3%
No matching quizzes found
Score Distribution
Percent of People with Each Score
Percentile by Number Answered
Your Score History
You have not taken this quiz